Denkschrift des Zentralausschusses der Strafrechtsabteilung der Akademie für Deutsches Recht über die Grundzüge eines allgemeinen deutschen Strafrechts
| Körperschaft: | |
|---|---|
| Beteiligte: | |
| Medienart: | Druck Buch |
| Sprache: | Deutsch |
| Veröffentlicht: |
Berlin
v. Decker [u.a.]
1934
|
| In: |
Schriften der Akademie für Deutsches Recht (1)
Jahr: 1934 |
| Bestand in Tübingen: | In Tübingen vorhanden. IFK: P X 48 UB: Hb 1220 a-1/3 |
| Bestand in Albert-Krebs Bibliothek: | LC.45.013 2015-388 |
| Verfügbarkeit prüfen: | HBZ Gateway |
| Subito Bestelldienst: | Jetzt bestellen. |
| Schlagwörter: |
MARC
| LEADER | 00000cam a2200000 c 4500 | ||
|---|---|---|---|
| 001 | 1071936522 | ||
| 003 | DE-627 | ||
| 005 | 20260206193518.0 | ||
| 007 | tu | ||
| 008 | 850101s1934 xx ||||| 00| ||ger c | ||
| 035 | |a (DE-627)1071936522 | ||
| 035 | |a (DE-603)045993343 | ||
| 035 | |a (DE-576)001936522 | ||
| 035 | |a (DE-599)BSZ001936522 | ||
| 035 | |a (OCoLC)15627259 | ||
| 035 | |a (OCoLC)15627259 | ||
| 035 | |a (OCoLC)183250919 | ||
| 035 | |a (DE-604)8028663497 | ||
| 040 | |a DE-627 |b ger |c DE-627 |e rakwb | ||
| 041 | |a ger | ||
| 082 | 0 | |a 343.43 | |
| 084 | |a 2,1 |2 ssgn | ||
| 084 | |a PH 2400 |2 rvk |0 (DE-625)rvk/135996: | ||
| 110 | 2 | |a Akademie für Deutsches Recht |b Strafrechtsabteilung |0 (DE-588)140359-X |0 (DE-627)102758883 |0 (DE-576)192729020 |4 aut | |
| 245 | 1 | 0 | |a Denkschrift des Zentralausschusses der Strafrechtsabteilung der Akademie für Deutsches Recht über die Grundzüge eines allgemeinen deutschen Strafrechts |c Freisler ... |
| 264 | 1 | |a Berlin |b v. Decker [u.a.] |c 1934 | |
| 300 | |a 147 S. |c 8° | ||
| 336 | |a Text |b txt |2 rdacontent | ||
| 337 | |a ohne Hilfsmittel zu benutzen |b n |2 rdamedia | ||
| 338 | |a Band |b nc |2 rdacarrier | ||
| 490 | 1 | |a Schriften der Akademie für Deutsches Recht/ Gruppe Strafrecht und Strafverfahren |v 1 | |
| 583 | 1 | |a Archivierung/Langzeitarchivierung gewährleistet |f SLG |x XA-DE-BW |z BfZ |2 pdager |5 DE-24 | |
| 583 | 1 | |a Archivierung/Langzeitarchivierung gewährleistet |f SSG |x XA-DE-BW |2 pdager |5 DE-21 | |
| 650 | 0 | 7 | |0 (DE-588)4013021-6 |0 (DE-627)104682922 |0 (DE-576)208901639 |a Drittes Reich |2 gnd |
| 650 | 0 | 7 | |0 (DE-588)4057795-8 |0 (DE-627)106149458 |0 (DE-576)209123737 |a Strafrecht |2 gnd |
| 650 | 4 | |a Strafrecht |7 (dpeaa)DE-2619 | |
| 651 | 7 | |0 (DE-588)2008993-4 |0 (DE-627)101639600 |0 (DE-576)191639591 |a Deutsches Reich |2 gnd |7 (dpeaa)DE-2619 | |
| 689 | 0 | 0 | |d s |0 (DE-588)4057795-8 |0 (DE-627)106149458 |0 (DE-576)209123737 |a Strafrecht |2 gnd |
| 689 | 0 | 1 | |d s |0 (DE-588)4048737-4 |0 (DE-627)106189719 |0 (DE-576)20907907X |a Recht |2 gnd |
| 689 | 0 | |5 (DE-627) | |
| 700 | 1 | |a Freisler, Roland |d 1893-1945 |e Hrsg. |0 (DE-588)118693093 |0 (DE-627)134229541 |0 (DE-576)161004903 |4 edt | |
| 810 | 2 | |a Akademie für Deutsches Recht |t Schriften der Akademie für Deutsches Recht |v 1 |9 1 |w (DE-627)169358690 |w (DE-576)9169358699 |w (DE-600)974758-8 |7 am | |
| 935 | |a mkri | ||
| 935 | |h HEB |i 0501 | ||
| 935 | |h HEB |i 0503 | ||
| 936 | r | v | |a PH 2400 |b Strafrecht im Nationalsozialismus |k Rechtswissenschaft |k Strafrecht, Strafverfahrensrecht, Kriminologie |k Allgemeines und Geschichte |k Geschichte |k Strafrecht im Nationalsozialismus |0 (DE-627)1271788764 |0 (DE-625)rvk/135996: |0 (DE-576)201788764 |
| 936 | s | n | |a p100 |2 mzub |
| 951 | |a BO | ||
| ELC | |b 1 | ||
| LOK | |0 000 xxxxxcx a22 zn 4500 | ||
| LOK | |0 001 2014426465 | ||
| LOK | |0 003 DE-627 | ||
| LOK | |0 004 1071936522 | ||
| LOK | |0 005 20020612000000 | ||
| LOK | |0 008 980407||||||||||||||||ger||||||| | ||
| LOK | |0 040 |a DE-21 |c DE-627 |d DE-21 | ||
| LOK | |0 852 |a DE-21 | ||
| LOK | |0 852 1 |c Hb 1220 a-1/3 |9 00 | ||
| LOK | |0 866 |x MÜsste eigentlich zu Hb 1220 b-1 umsigniert werden. Wegen Umarbeitungsaufwand darauf verzichtet | ||
| LOK | |0 939 |a 07-04-98 |b l01 | ||
| LOK | |0 000 xxxxxcx a22 zn 4500 | ||
| LOK | |0 001 2014426473 | ||
| LOK | |0 003 DE-627 | ||
| LOK | |0 004 1071936522 | ||
| LOK | |0 005 20100521135609 | ||
| LOK | |0 008 940603||||||||||||||||ger||||||| | ||
| LOK | |0 040 |a DE-21-24 |c DE-627 |d DE-21-24 | ||
| LOK | |0 541 |e o.Z. 1. Ex. | ||
| LOK | |0 689 |a s |a Strafrecht (Nationalsozialismus) | ||
| LOK | |0 689 |a s |a Nationalsozialismus (u. Strafrecht) | ||
| LOK | |0 689 |a s |a Strafrecht (Reform: Deutschland: 1933 - 1945) | ||
| LOK | |0 852 |a DE-21-24 | ||
| LOK | |0 852 1 |c J,IIRa,12 |m p |9 00 | ||
| LOK | |0 936ln |a J,IIRa, | ||
| LOK | |0 938 |k p | ||
| LOK | |0 939 |a 03-06-94 |b l01 | ||
| LOK | |0 000 xxxxxcx a22 zn 4500 | ||
| LOK | |0 001 2635427143 | ||
| LOK | |0 003 DE-627 | ||
| LOK | |0 004 1071936522 | ||
| LOK | |0 005 20100508041955 | ||
| LOK | |0 008 940603||||||||||||||||ger||||||| | ||
| LOK | |0 040 |a DE-21-24 |c DE-627 |d DE-21-24 | ||
| LOK | |0 541 |e o.Z. 2. Ex. | ||
| LOK | |0 689 |a s |a Strafrecht (Nationalsozialismus) | ||
| LOK | |0 689 |a s |a Nationalsozialismus (u. Strafrecht) | ||
| LOK | |0 689 |a s |a Strafrecht (Reform: Deutschland: 1933 - 1945) | ||
| LOK | |0 852 |a DE-21-24 | ||
| LOK | |0 852 1 |c J,IIRa,12 |m p |9 00 | ||
| LOK | |0 936ln |a J,IIRa, | ||
| LOK | |0 938 |k p | ||
| LOK | |0 939 |a 03-06-94 |b l02 | ||
| LOK | |0 000 xxxxxcx a22 zn 4500 | ||
| LOK | |0 001 263542716X | ||
| LOK | |0 003 DE-627 | ||
| LOK | |0 004 1071936522 | ||
| LOK | |0 005 20170203084327 | ||
| LOK | |0 008 940603||||||||||||||||ger||||||| | ||
| LOK | |0 040 |a DE-21-24 |c DE-627 |d DE-21-24 | ||
| LOK | |0 541 |e 94/1117: S II | ||
| LOK | |0 689 |a s |a Strafrecht (Nationalsozialismus) | ||
| LOK | |0 689 |a s |a Nationalsozialismus (u. Strafrecht) | ||
| LOK | |0 689 |a s |a Strafrecht (Reform: Deutschland: 1933 - 1945) | ||
| LOK | |0 852 |a DE-21-24 | ||
| LOK | |0 852 1 |c J,IIRa,12 |m p |9 00 | ||
| LOK | |0 852 2 |b S II |9 00 | ||
| LOK | |0 936ln |a J,IIRa, | ||
| LOK | |0 938 |k p | ||
| LOK | |0 939 |a 03-06-94 |b l03 | ||
| LOK | |0 000 xxxxxcx a22 zn 4500 | ||
| LOK | |0 001 2014426481 | ||
| LOK | |0 003 DE-627 | ||
| LOK | |0 004 1071936522 | ||
| LOK | |0 005 20020607000000 | ||
| LOK | |0 008 931129||||||||||||||||ger||||||| | ||
| LOK | |0 040 |a DE-21-110 |c DE-627 |d DE-21-110 | ||
| LOK | |0 852 |a DE-21-110 | ||
| LOK | |0 852 1 |c P X 48 |m p |9 00 | ||
| LOK | |0 935 |a k110 | ||
| LOK | |0 936ln |a 2.5 | ||
| LOK | |0 938 |k p | ||
| LOK | |0 939 |a 29-11-93 |b l01 | ||
| LOK | |0 000 xxxxxcx a22 zn 4500 | ||
| LOK | |0 001 2014426376 | ||
| LOK | |0 003 DE-627 | ||
| LOK | |0 004 1071936522 | ||
| LOK | |0 005 19971014000000 | ||
| LOK | |0 008 971014||||||||||||||||ger||||||| | ||
| LOK | |0 040 |a DE-Frei85 |c DE-627 |d DE-Frei85 | ||
| LOK | |0 852 |a DE-Frei85 | ||
| LOK | |0 852 1 |m p |9 00 | ||
| LOK | |0 938 |k p | ||
| LOK | |0 939 |a 14-10-97 |b l01 | ||
| LOK | |0 000 xxxxxcx a22 zn 4500 | ||
| LOK | |0 001 4196264794 | ||
| LOK | |0 003 DE-627 | ||
| LOK | |0 004 1071936522 | ||
| LOK | |0 005 20221011150655 | ||
| LOK | |0 008 221011||||||||||||||||ger||||||| | ||
| LOK | |0 035 |a (DE-2619)k02987 | ||
| LOK | |0 040 |a DE-2619 |c DE-627 |d DE-2619 | ||
| LOK | |0 092 |o n | ||
| LOK | |0 541 |e Bestand Albert-Krebs-Bibliothek: 2015-388 | ||
| LOK | |0 852 |a DE-2619 | ||
| LOK | |0 852 1 |c LC.45.013 |m p |9 00 | ||
| LOK | |0 935 |a kreb | ||
| LOK | |0 938 |k p | ||
| LOK | |0 939 |a 11-10-22 |b l01 | ||
| ORI | |a SA-MARC-krimdoka001.raw | ||
| SIG | |a IFK: P X 48 | ||
| SIG | |a UB: Hb 1220 a-1/3 | ||
